Nonlinear analysis and continuum mechanics : papers for the 65th birthday of James Serrin /

Bibliographic Details
Other Authors: Serrin, J. (James), 1926-2012, Buttazzo, Giuseppe
Format: Book
Language:English
Published: New York : Springer, [1998]
Subjects:

MARC

Tag First Indicator Second Indicator Subfields
LEADER 00000cam a2200000 a 4500
001 in00001411021
005 20151020060956.0
008 970617s1998 nyua b 001 0 eng
010 |a  97026098  
020 |a 0387982965 (alk. paper) 
035 |a (OCoLC)37211268 
035 |9 AHN8292AM 
040 |a DLC  |c DLC  |d TXA  |d UtOrBLW 
049 |a TXAM 
050 0 0 |a QA300.5  |b .N663 1998 
082 0 0 |a 531/.01/515355  |2 21 
245 0 0 |a Nonlinear analysis and continuum mechanics :  |b papers for the 65th birthday of James Serrin /  |c Giuseppe Buttazzo [and others], editors. 
264 1 |a New York :  |b Springer,  |c [1998] 
264 4 |c ©1998 
300 |a x, 148 pages :  |b illustrations ;  |c 24 cm. 
336 |a text  |b txt  |2 rdacontent 
337 |a unmediated  |b n  |2 rdamedia 
338 |a volume  |b nc  |2 rdacarrier 
504 |a Includes bibliographical references and index. 
650 0 |a Mathematical analysis. 
650 0 |a Nonlinear theories. 
650 0 |a Continuum mechanics. 
700 1 |a Serrin, J.  |q (James),  |d 1926-2012. 
700 1 |a Buttazzo, Giuseppe. 
948 |a c:jlg 
999 |a MARS 
999 f f |s 2ef28a34-7929-3a4f-b2e3-b8cb8f4c83c2  |i 4c9be964-1b54-3ef7-9140-7d24a9b1a474  |t 0 
952 f f |p ric  |a Texas A&M University  |b Rellis Campus  |c Joint Library Facility  |d Remote Storage  |t 0  |e QA300.5 .N663 1998  |h Library of Congress classification  |i unmediated -- volume  |m A14822154898 
998 f f |a QA300.5 .N663 1998  |t 0  |l Remote Storage